000 00373nam a2200133Ia 4500
008 231129s9999||||xx |||||||||||||| ||spa||
020 _a84-7291-863-7
040 _bspa
082 _a946.077 C311e
100 _aCarr Raymond
245 0 _aEstudios sobre la republica y la guerra civil espanola
264 _aSarpe
942 _2ddc
_cBKS
999 _c13674
_d13674